| Поле | Название | Значение |
| |
Тип записи |
a |
| |
Библиографический уровень |
m |
| 001 |
Контрольный номер |
50b9f6ae4b01470689655b2bfceac9d2 |
| 005 |
Дата корректировки |
20190208084829.4 |
| 010 |
Индекс ISBN |
__ |
| a |
ISBN |
978-5-394-03326-1 |
| d |
Цена |
549 руб. |
| 101 |
Язык документа |
0_ |
| a |
Язык текста |
rus |
| 102 |
Страна публикации |
__ |
| a |
Страна публикации |
RU |
| 200 |
Заглавие и сведения об ответственности |
1_ |
| a |
Заглавие |
Культура ресторанного сервиса |
| e |
Сведения, относящиеся к заглавию |
учебное пособие |
| f |
Первые сведения об ответственности |
Федцов В.Г. |
| 205 |
Сведения об издании |
__ |
| a |
Основные сведения об издании |
7-е изд. |
| b |
Дополнительные сведения об издании |
истер. |
| 210 |
Выходные данные |
1_ |
| a |
Место издания |
М. |
| c |
Издательство |
Издательско- торговая корпорация "Дашков и Ко" |
| d |
Дата издания |
2019 |
| 215 |
Физическое описание |
__ |
| a |
Объем |
248 с. |
| 610 |
Ключевые слова |
0_ |
| a |
Ключевые слова |
основы ресторанного сервиса |
| a |
Ключевые слова |
психологическая культура ресторанного сервиса |
| a |
Ключевые слова |
этическая культура ресторанного сервиса |
| 686 |
Индексы других классификаций |
__ |
| a |
Классификационный индекс |
65.29 |
| 700 |
Автор |
_1 |
| a |
Фамилия |
Федцов В.Г. |
| 801 |
Источник записи |
_0 |
| a |
Страна |
RU |
| b |
Организация |
РУК |
| g |
Правила каталогизации |
PSBO |
| 801 |
Источник записи |
_1 |
| a |
Страна |
RU |
| b |
Организация |
РУК |
| g |
Правила каталогизации |
PSBO |
| 852 |
Данные о местонахождении |
__ |
| i |
Авторский знак |
Ф 32 |
| 901 |
Тип документа |
__ |
| t |
Тип документа |
m |
| 937 |
Технологическая информация |
__ |
| a |
Создатель записи (имя) |
Иванова |
| 938 |
Служебная информация |
__ |
| a |
Название организации |
Краснодарский филиал |